000 00783nam a2200301 a 4500
003 AR-BaBNM
005 20251128205202.0
008 082120s2002 ||||||||||||||000 | spa||
020 _a980-276-125-7
040 _cAR-BaBNM
100 1 _aLugones, Leopoldo
245 0 0 _aEl payador
260 _aMéxico, D.F.
_bBiblioteca Ayacucho
_c1991
300 _axvii, 190 p.
490 0 _aClaves de América
_vv. 2
650 4 _aLITERATURA ARGENTINA
650 4 _aIDENTIDAD CULTURAL
650 4 _aANALISIS LITERARIO
650 4 _aLITERATURA POPULAR
653 _aGAUCHOS
653 _aMODERNISMO
653 _aINFLUENCIA CLASICA
653 _aLITERATURA GAUCHESCA
655 _aLITERATURA
700 1 _aRey de Guido, Clara
_eprologuista
942 _cBK
998 _cisola
999 _c10356
_d10356